Biblioteca

Violence and God : (Registro nro. 70311)

Detalles MARC
000 -LÍDER
Campo fijo de descripción fija 01365nab a2200241 i 4500
001 - NÚMERO DE CONTROL
Campo de control 768714001
003 - IDENTIFICADOR DEL NÚMERO DE CONTROL
Campo de control CO-MdFUSB
005 - FECHA Y HORA DE LA ULTIMA TRANSACCIÓN
control field 20260305162407.0
008 - ELEMENTOS DE LONGITUD FIJA -- INFORMACIÓN GENERAL
Campo fijo de descripción fija -- Información general 240620t1992 us ||||| |||| 00| 0 eng d
040 ## - FUENTE DE CATALOGACIÓN
Idioma de catalogación spa
Agencia que realiza la transcripción CO-MdFUSB
Agencia que realiza la modificación CO-MdFUSB
041 ## - CÓDIGO DE IDIOMA
Código de idioma para texto/pista de sonido o título separado eng
100 ## - ASIENTO PRINCIPAL--NOMBRE PERSONAL
Nombre personal Bergant, Dianne,
Término relacionador autor
245 1# - TÍTULO
Título Violence and God :
Subtitulo a Bible study
Mención de responsabilidad / Dianne Bergant CSA
520 ## - NOTA DE RESUMEN, ETC.
Nota de sumario, etc. Con demasiada frecuencia los misioneros se encuentran en situaciones de conflicto y violencia ocasionadas por realidades sociales y políticas multifacéticas. Si bien las enseñanzas de las Escrituras sobre la paz pueden ser útiles en algunas situaciones, el retrato bíblico de un Dios instigador de la guerra plantea serias preguntas. El presente estudio bíblico examina esta caracterización de Dios tal como se encuentra en el Salmo 24 y ofrece ideas sobre las formas en que podría desafiar a los creyentes contemporáneos.
546 ## - NOTA DE IDIOMA
Nota de idioma Texto en inglés.
630 07 - PUNTO DE ACCESO ADICIONAL DE MATERIA - TÍTULO UNIFORME
Título uniforme Biblia.
Parte o sección de la obra Salmos
Subdivisión de materia general Crítica, interpretación, etc.
650 #7 - ASIENTO SECUNDARIO DE MATERIA - TERMINO TEMÁTICO
Término temático o nombre geográfico como elemento de entrada Hermenéutica bíblica
9 (RLIN) 7333
650 #7 - ASIENTO SECUNDARIO DE MATERIA - TERMINO TEMÁTICO
Término temático o nombre geográfico como elemento de entrada Dios
Subdivisión general Enseñanza bíblica
9 (RLIN) 323
650 #0 - ASIENTO SECUNDARIO DE MATERIA - TERMINO TEMÁTICO
Término temático o nombre geográfico como elemento de entrada Iglesia y problemas sociales
9 (RLIN) 1177
773 0# - ASIENTO DE ITEM FUENTE
Biblionumber 49486
Itemnumber 82784
Lugar, editorial y fecha de publicación Pasadena
Otro identificador del ítem R2659
Título Missiology:
Número de control del registro (CO-MdFUSB)97
Parte(s) relacionada(s) / Volumen., número. (mes año), páginas Volumen 20, (número1, 1992) páginas: 45 - 54
Enumeración y primera página página: 45
942 ## - TIPO DE MATERIAL (KOHA)
Tipo de Item KOHA Artículos de Revista
945 ## - INFORMACIÓN LOCAL DEL REGISTRO
Catalogador Catherine Arias Álvarez - Practicante SENA

No hay ítems disponibles.

Biblioteca FUSBC | Teléfono: (57+4) 349 88 10 Ext. 141| WhatsApp (+57) 3005338115 
E-mail: biblioteca@unisbc.edu.co | Calle 76 87-14 Robledo Palenque, Medellín, Colombia

Con tecnología Koha